Top 20 UK Baby Names 1994 - Statistics

General Stats
  • This quiz has been taken 428 times
  • The average score is 27 of 40
Answer Stats
# First Letter Answer % Correct
2 J James
94%
1 T Thomas
94%
4 D Daniel
88%
3 J Jack
86%
19 W William
83%
5 M Matthew
79%
1 R Rebecca
79%
5 H Hannah
78%
12 M Michael
78%
9 S Samuel
78%
10 E Emma
77%
3 J Jessica
77%
4 C Charlotte
76%
12 S Sarah
76%
9 L Laura
74%
8 E Emily
73%
16 J Joseph
71%
2 L Lauren
70%
19 R Rachel
69%
8 L Luke
68%
7 J Joshua
67%
13 L Lucy
67%
14 K Katie
66%
15 B Benjamin
65%
13 A Alexander
64%
11 C Chloe
64%
6 R Ryan
63%
6 S Sophie
63%
11 A Adam
62%
14 C Christopher
61%
20 A Andrew
60%
7 A Amy
57%
17 L Liam
56%
18 A Alice
50%
15 B Bethany
50%
18 J Jake
46%
10 J Jordan
34%
20 S Samantha
34%
16 J Jade
31%
17 M Megan
28%
No matching quizzes found
Score Distribution
Percent of People with Each Score
Percentile by Number Answered
Your Score History
You have not taken this quiz